[Event "Ambalangoda Dhamso op 3rd"]
[Site "Ambalangoda"]
[Date "2013.02.22"]
[Round "3"]
[White "Gopal, KN."]
[Black "Tribuwan, TW Helik"]
[Result "1-0"]
[WhiteElo "2206"]
[BlackElo "1710"]
[PlyCount "103"]
[EventDate "2013.02.21"]
[EventType "swiss"]
[EventRounds "9"]
[EventCountry "SRI"]
[SourceTitle "CBM 153 Extra"]
[Source "ChessBase"]
[SourceDate "2013.04.22"]
[SourceVersion "1"]
[SourceVersionDate "2013.04.22"]
[SourceQuality "1"]

1. d4 Nf6 2. Nf3 g6 3. Nbd2 Bg7 4. e4 0-0 5. Bd3 d6 6. 0-0 Nbd7 7. Re1 e5 8. c3 Ne8 9. Qc2 c5 10. dxe5 Nxe5 11. Nxe5 dxe5 12. Bc4 Nc7 13. Nf1 b5 14. Be2 Rb8 15. a4 a6 16. axb5 axb5 17. Rd1 Qe7 18. Ra5 Rd8 19. Be3 c4 20. Bc5 Qg5 21. Qc1 Qf6 22. Ra7 Rb7 23. Ra1 Ne6 24. Rxd8+ Qxd8 25. Be3 Qc7 26. g3 Nc5 27. Bxc5 Qxc5 28. Ra8 Ra7 29. Qe3 Rc7 30. Qxc5 Rxc5 31. Bg4 f5 32. exf5 Bf8 33. Ne3 h5 34. Bh3 g5 35. Bg2 Rc7 36. Be4 Bb7 37. Ra7 Bxe4 38. Rxc7 Bd6 39. Rd7 Bc5 40. f6 h4 41. Rg7+ Kf8 42. Rxg5 hxg3 43. hxg3 Bxe3 44. fxe3 Kf7 45. Rxe5 Bc2 46. Rxb5 Kxf6 47. Rc5 Bd3 48. Kf2 Ke6 49. Kf3 Kf6 50. Kf4 Ke6 51. e4 Kd6 52. Ra5 1-0